000 00352nam a2200133Ia 4500
008 200103s9999||||xx |||||||||||||| ||und||
040 _aIMU-MPC
082 _aColumn-64
100 _aSpeakman, J.C.
245 3 _aAn Introduction to the modern theory of Valency
260 _bEdward Arnold Publishers Ltd., London
_c1949
300 _a159
942 _cBK
999 _c11394
_d11394